| 000 | 00453nam a2200169 a 4500 | ||
|---|---|---|---|
| 001 | 807 | ||
| 003 | CDMR | ||
| 005 | 20130313140506.0 | ||
| 008 | 130130s2001||||||||||||||||||||||||||||d | ||
| 020 | _a8476647255 | ||
| 040 |
_aCDMR _bcat _cCDMR |
||
| 100 | 1 |
_aVan Der Elsken, Ed _9633 |
|
| 245 | 1 | 0 |
_aEye love you _cEd van der Elsken _b: fotografies + films |
| 260 |
_aBarcelona _c2001 _bFundació "la Caixa" |
||
| 500 | _aCatàleg d'exposició | ||
| 942 |
_cMON _2udc |
||
| 999 |
_c807 _d807 |
||